The ESR Spectroscopy of Monomeric and Dimeric Transition Metal Complexes : Obh. 25.5.1998 /

Gespeichert in:
Bibliographische Detailangaben
1. Verfasser: Fáber, René (Verfasst von)
Format: Manuskript Buch
Sprache:Slowakisch
Veröffentlicht: Bratislava : STU v Bratislave ChtF, 1998
Tags: Tag hinzufügen
Keine Tags, Fügen Sie das erste Tag hinzu!

MARC

LEADER 00000ntm a22000003a 4500
001 stu33713
005 20150617225733.9
008 980909s1998----xo------------------slo-d
040 |a STU  |b slo 
041 0 |a slo 
044 |a xo 
100 1 |a Fáber, René  |4 aut 
245 1 |a The ESR Spectroscopy of Monomeric and Dimeric Transition Metal Complexes :  |b Obh. 25.5.1998 /  |c [aut.]Fáber,René 
260 |a Bratislava :  |b STU v Bratislave ChtF,  |c 1998 
300 |a 54s :  |b Tab.,grafy,lit 
500 |a Zameranie: Fyzikálna chémia 
996 |b CD12467  |c C*D12467  |l CCI  |s A  |a 24  |w stu33713_0001